| 000 | 00637nam a2200181 i 4500 | ||
|---|---|---|---|
| 001 | 84743 | ||
| 003 | ES-MaACL | ||
| 005 | 20230906175106.0 | ||
| 007 | t| | ||
| 008 | 041123s1968 sp ||||1| spa d | ||
| 100 | 1 |
_aJanzen, R. _966074 |
|
| 245 | 1 | 0 |
_aAnálisis del síntoma dolor como orientador del diagnóstico / _cdirigido por R. Janzen ; con la colaboración de F. Auschütz ... [et al.] ; traducción, José Mª Pla Janini. |
| 260 |
_aBarcelona : _bLabor, _c[1968] |
||
| 300 |
_a118 p. : _bil. ; _c19 cm. |
||
| 700 | 1 |
_aAuschütz, F. _923942 |
|
| 700 | 1 |
_aPla Janini, José María. _992495 |
|
| 852 |
_aES-MaACL _jC-35818 _bR.68631 |
||
| 999 |
_c84743 _d84743 |
||